|
|
|
|
| LEADER |
00000nam0a2200000 4500 |
| 001 |
675558 |
| 005 |
20241016094433.0 |
| 090 |
|
|
|a 675558
|
| 100 |
|
|
|a 20241016d1979 km|y0rusy50 ca
|
| 101 |
0 |
|
|a rus
|
| 102 |
|
|
|a RU
|
| 105 |
|
|
|a a z 000yy
|
| 181 |
|
0 |
|a i
|b e
|
| 182 |
|
0 |
|a n
|
| 183 |
|
0 |
|a nc
|2 RDAcarrier
|
| 200 |
1 |
|
|a Проблемы теории и практики библиотечного дела в СССР. Избранные труды
|f О. С. Чубарьян
|
| 203 |
|
|
|a Текст
|b визуальный
|c непосредственный
|
| 210 |
|
|
|a Москва
|c Книга
|d 1979
|
| 215 |
|
|
|a 264 с.
|c ил.
|
| 283 |
|
|
|a volume
|2 RDAcarrier
|
| 606 |
1 |
|
|a Библиотечное дело
|9 52132
|
| 610 |
1 |
|
|a библиотечные системы
|
| 610 |
1 |
|
|a библиотековедение
|
| 610 |
1 |
|
|a библиотеки
|
| 610 |
1 |
|
|a областные библиотеки
|
| 610 |
1 |
|
|a государственные библиотеки
|
| 675 |
|
|
|a Ч73
|v 4
|
| 700 |
|
1 |
|a Чубарьян
|b О. С.
|g Оган Степанович
|
| 801 |
|
0 |
|a RU
|b 63413507
|c 20241016
|
| 830 |
|
|
|a Ретро2024Каталогизация Мотырева
|
| 850 |
|
|
|a 63413507
|
| 942 |
|
|
|c BK
|